000 00670nam a22002297a 4500
001 00028662
005 20260326171613.0
008 260326b ag ||||| |||| 00| 0 spa d
020 _a9789506491635
040 _aAR-CcCEOS
_bspa
_cAR-CcCEOS
041 _aspa
080 _a159.99
090 _bSOL
100 1 _aSoler, Colette
_9937
245 _a¡Qué se espera del psicoanálisis y del psicoanalista? :
_bConferencias y seminarios en Argentina /
_cColette Soler
250 _a2ª ed.
260 _aBuenos Aires :
_bLetra Viva,
_c2009.
300 _a269 p. ;
_c23x19 cm.
650 0 _apsicología
_9114
655 0 _apsicoanalisis
_9442
942 _2udc
_cBK
_n0
999 _c28695
_d28695